000 01111nam a2200241Ia 4500
999 _c4964
_d4964
003 OSt
005 20200414151925.0
008 191128s2007 cl ad gr 000 0dspa d
040 _aCO-JMCR
_cCO-JMCR
041 0 _aspa
082 0 4 _a302.4 /
_bC63
110 2 _aComisión Económica para América Latina y el Caribe CEPAL
_92893
245 2 0 _aCohesión social :
_binclusión y sentido en américa latina y el caribe : Síntesis /
_cComisión Económica para América Latina y el Caribe
260 _aSantiago de Chile :
_bNaciones Unidas,
_c2007
300 _aV, 77 páginas :
_bgráficas a color ;
_c22 cm.
300 _c 22 cm.
500 _aBibliografía: páginas 73 - 77.
505 _aLos alcances de la cohesión social -- La medición y evaluación de la cohesión social una aproximación inicial -- Desigualdad pobreza vulnerabilidad y cohesión social -- Algunos factores subjetivos de la cohesión social un enfoque basado en los sondeos de
650 1 4 _aIntegración social
_93023
650 2 4 _a Gastos públicos sociales
_93024
650 2 4 _aParticipación social
_93025
942 _2ddc
_cBK